| 000 | 00407nam a22001457a 4500 | ||
|---|---|---|---|
| 020 | _a97896992440302 | ||
| 082 |
_a297.57 _bBIL |
||
| 100 | _aBillāh, Mustanṣir. | ||
| 245 |
_aLove or hate don't be late / _cMustansir Billah |
||
| 260 |
_aLahore: _bInqilab Publishers, _c2011 |
||
| 300 | _a197 p. | ||
| 563 | _aHBK | ||
| 650 |
_aConduct of life _apersonal religion _aIslam _991681 |
||
| 942 |
_2ddc _cBK |
||
| 999 |
_c589834 _d589834 |
||